000 00710nam a22002417a 4500
003 UA-OsUOA
001 35096
007 ta
008 20051107b un ||||| |||| 00| 0 ukr d
100 _aУжченко В.Д.
090 _a81.373.7-161.2
_bУ33
942 _cBK
040 _aUA-OsUOA
_bukr
_cUA-OsUOA
_dUA-OsUOA
245 _aНародження і життя фразеологізму
300 _a279 с.
955 _a2
041 _aukr
080 _a81.373.7-161.2
020 _a5-330-00392
260 _aК.
_bРадянська школа
_c1988
650 7 _a8 Мовознавство. Художня література. Літературознавство
_2UDC
999 _c321478
_d321478